Comprensin̤ lectora y produccin̤ textual

Bibliographic Details
Main Author: Garca̕ Len̤, Francisco V.
Format: eBook
Language:Spanish
Published: Bogot:̀ Ediciones de la U, 2015
Subjects:
Online Access:Acceso restringido

MARC

LEADER 00000nam a22000007a 4500
005 20210716230612.0
007 cr|||| |||
008 210716s2015 co |||||s|||| 00||0 spa d
020 |a 978-958-762-415-1 
035 |a 33403 
040 |a vLex 
090 |c 11865  |d 11865 
100 1 |a Garca̕ Len̤, Francisco V. 
245 1 0 |a Comprensin̤ lectora y produccin̤ textual  |h [Recurso electrn̤ico] /  |c Francisco V. Garca̕ Len̤ 
256 |a Servicio en ln̕ea 
260 |a Bogot:̀  |b Ediciones de la U,  |c 2015 
300 |a 1 recurso electrn̤ico 
500 |a El marco ter̤ico-conceptual de la compresin̤ lectora y produccin̤ textual es proporcionado por la psicolingüs̕tica. Presenta los principios del constructivismo que rige toda la actividad pedagg̤ica y opta por el enfoque comunicativo funcional del lenguaje. El constructivismo centra su atencin̤ en las relaciones entre el aprendizaje de la lengua escrita y el desarrollo cognitivo del niǫ, en los procesos de construccin̤ de la lengua escrita, en la participacin̤ activa del niǫ en la adquisicin̤ de su gramt̀ica etc. Propicia el inicio de la reflexin̤ sobre la lectura y la escritura desde el nivel primario hasta el superior. Todas estas razones gua̕n la elaboracin̤ del libro: Estrategias de compresin̤ lectora y produccin̤ textual. En ľ se ofrecen estrategias para desarrollar la comprensin̤ lectora y produccin̤ de los diversos textos. El props̤ito es contribuir a fortalecer las capacidades ter̤icas y prc̀tico-estratǧicas de la actividad pedagg̤ica relacionada con la enseąnza-aprendizaje de leer y producir para aprender. 
506 1 |a Disponible solo en los productos indicados  |d vLex Global  |d vLex Global (Academic Edition, excluding Law Schools)  |d vLex Global (U.S. Academic Edition, Law Schools)  |d vLex Global (U.S. Academic Edition, excluding Law Schools)  |d vLex Global (Academic Edition, Law Schools) 
650 0 4 |a Educacin̤  |z Colombia 
740 0 |a vLex Libros (Servicio en ln̕ea) 
856 4 0 |u https://vlex.com/source/comprension-lectora-y-produccion-textual-33403  |z Acceso restringido 
942 |c BOOK 
999 0 |a Education